Riconosci il Pokémon - Quiz n°421 - Statistics

Statistiche generali
  • Questo quiz è stato fatto 1 volte
  • Il punteggio medio è 5 su 10
Statistiche sulle risposte
Indizio Risposta % Corretto
Altezza 3,0 m
100%
Tipo Lotta
100%
Abilità Lottascudo; Agonismo
100%
Stadio evoluzione Non si evolve
100%
Generazione Ottava
100%
Tasso di cattura 45 (11.9%)
0%
Peso 63,0 kg
0%
Pokémon Falinks
0%
Tasso di allevamento Medio-Veloce
0%
Sesso Sconosciuto
0%
Nessun quiz corrispondente trovato
Distribuzione punteggi
Percentuale di utenti per punteggio
Percentile per numero di risposta
I tuoi punteggi nel tempo
Non hai fatto questo quiz